Thời thơ ấu = Childhood = L'âge tendre
Kaydedildi:
| Yazar: | |
|---|---|
| Materyal Türü: | Kitap |
| Dil: | Undetermined |
| Baskı/Yayın Bilgisi: |
Thành phố Hồ Chí Minh
Văn hóa Sài Gòn
2006
|
| Konular: | |
| Etiketler: |
Etiketle
Etiket eklenmemiş, İlk siz ekleyin!
|
| Thư viện lưu trữ: | Trung tâm Học liệu Trường Đại học Cần Thơ |
|---|
| LEADER | 00582nam a2200205Ia 4500 | ||
|---|---|---|---|
| 001 | CTU_101563 | ||
| 008 | 210402s9999 xx 000 0 und d | ||
| 020 | |c 180000 | ||
| 082 | |a 779.25 | ||
| 082 | |b H121 | ||
| 100 | |a Nguyễn Bá Hân | ||
| 245 | 0 | |a Thời thơ ấu | |
| 245 | 0 | |b = Childhood = L'âge tendre | |
| 245 | 0 | |c Nguyễn Bá Hân | |
| 260 | |a Thành phố Hồ Chí Minh | ||
| 260 | |b Văn hóa Sài Gòn | ||
| 260 | |c 2006 | ||
| 650 | |a photograph collections | ||
| 904 | |i Minh | ||
| 980 | |a Trung tâm Học liệu Trường Đại học Cần Thơ | ||